| 000 | 00567cam a22002053a 4500 | ||
|---|---|---|---|
| 001 | 42687 | ||
| 003 | PGUSA | ||
| 005 | 20140828083951.0 | ||
| 008 | 130511s2013||||xxu|||||s|||||000 | eng d | ||
| 040 |
_aPGUSA _beng |
||
| 042 | _adc | ||
| 100 | 1 |
_aNorton, Carol, _d1876- |
|
| 245 | 1 | 4 |
_aThe Seven Sleuths' Club _h[electronic resource] / _cCarol Norton |
| 260 |
_bProject Gutenberg, _c2013 |
||
| 506 | _aPublic domain in the USA. | ||
| 516 | _aElectronic text | ||
| 830 | 0 |
_aProject Gutenberg _v42687 |
|
| 856 | 4 | 0 | _uhttp://www.gutenberg.org/ebooks/42687 |
| 942 | _cEB | ||
| 999 |
_c271939 _d271939 |
||